000
00339nam a2200145Ia 4500
008
150201s2009 xx 000 0 und d
082
_a
617.51
_b
E09H
100
_a
HAZARIKA,P
245
_a
TB OF EAR,NOSE, THROAT&HEAD&NECK SURGERY
250
_a
2ND
260
_b
CBS
_a
DELHI
_c
2009
300
_a
1-920
650
_a
E.N.T.
942
_2
ddc
_c
BK
999
_c
343
_d
343